| 000 | 006880000a22001810004500 | ||
|---|---|---|---|
| 001 | 13542 | ||
| 041 | 0 | _aSPA | |
| 082 | 0 | 4 | _aG 287.092 W513o |
| 100 | 1 | _aWesley, Juan (1703-1791) | |
| 245 | 1 | 0 | _aObras de Wesley - Cartas - Diarios / Juan Wesley; Justo L. González, Editor General |
| 260 | _aFranklin, Tennessee : Providence | ||
| 300 | _aPag Var | ||
| 500 | _aTomo XI : Diarios, tomo 1 ISBN 1-57736-066-4 Tomo XII : Diarios, tomo 2 ISBN 1-57736-067-2 Tomo XIII : Cartas, tomo 1 ISBN 1-57736-068-0 Tomo XIV : Cartas, tomo 2 ISBN 1-57736-069-9 | ||
| 942 | _cBK | ||
| 999 |
_c42501 _d42501 |
||
| 336 |
_atexto _btxt _2rdacontent |
||
| 337 |
_2rdamedia _asin mediación _bn |
||
| 338 |
_2rdacarrier _avolumen _bnc |
||